000 00305nam a2200121Ia 4500
008 241002s9999 xx 000 0 und d
082 _a380.1 JOH
100 _aJohson, Harry G.
245 0 _aNew Trade Strategy For The World Economy
260 _aLondon:
_c1969
600 _aSocial Sciences
942 _cUC
999 _c18505
_d18505